000 01004nam a2200229Ia 4500
001 L262-47567
003 IT-CnALBA
008 170116s9999||||xx |||||||||||||| ||und||
040 _aIT-CnALBA
_cIT-CnALBA
041 _aITALIANO
100 _aGUERRIERO ELIO
245 0 _aIL SIGILLO DI PIETRO.
250 _a1a ed.
260 _a TO BO CT PA
_bSOCIETÀ ED. INTER.
_c1996 [1° Ed.:1996 - Ed.Ling.Originale: 1996]
300 _a160 p.
500 _aINTRODUZIONE. IL SIGILLO DI PIETRO. PRIMO INCONTRO. TESTIMONE DI GUARIGIONI. ASSOLUTA FIDUCIA IN GESÙ. IL PADRE E PIETRO. NEL CENACOLO. CONFERENZA DEFINITIVA SUL LAGO.
501 _aSocietà San Paolo EM - Piazza San Paolo, 14 - 12051 ALBA (CN) (non commercial uses only) ® Copyright 2017
520 _aINTRODUZIONE. IL SIGILLO DI PIETRO. PRIMO INCONTRO. TESTIMONE DI GUARIGIONI. ASSOLUTA FIDUCIA IN GESÙ. IL PADRE E PIETRO. NEL CENACOLO. CONFERENZA DEFINITIVA SUL LAGO.
650 _aECCLESIOLOGIA
942 _cBK
957 _71
999 _a54084
_bNO
_g Copie: 1
_c306502
_d306502